Central Library OPAC University of Rajshahi

Sami and Aiyer's Law & practice of gambling in India : (Record no. 45880)

MARC details
000 -LEADER
fixed length control field 01281nam a2200277 a 4500
001 - CONTROL NUMBER
control field 45880
003 - CONTROL NUMBER IDENTIFIER
rucl marc code BD-RjUL
005 - DATE AND TIME OF LATEST TRANSACTION
control field 20211209054059.0
008 - FIXED-LENGTH DATA ELEMENTS--GENERAL INFORMATION
fixed length control field 160728s1962 ii 000 0 eng
035 ## - SYSTEM CONTROL NUMBER
System control number (BD-RjUL)45998
040 ## - CATALOGING SOURCE
Original cataloging agency DLC
Transcribing agency CarP
Modifying agency BD-RjUL
Language of cataloging eng
041 ## - LANGUAGE CODE
Language code of text/sound track or separate title eng
082 ## - DEWEY DECIMAL CLASSIFICATION NUMBER
Classification number 346.50
Author mark and year SES 1962
110 1# - MAIN ENTRY--CORPORATE NAME
Corporate name or jurisdiction name as entry element India (Republic)
Form subheading Laws, statutes, etc. [from old catalog]
9 (RLIN) 138504
245 00 - TITLE STATEMENT
Title Sami and Aiyer's Law & practice of gambling in India :
Remainder of title containing commentaries on the Public gambling act III of 1867, Madras gambling act III of 1930, Bombay prevention of gambling act V of 1887, Bengal public gambling act II of 1867, U. P. public gambling act, Punjab public gambling act, Burma gambling act, Madhya Bharat gambling act and various enactments pertaining to gambling in India, with up-to-date amendments.
Statement of responsibility, etc. R. B. Sethi
250 ## - EDITION STATEMENT
Edition statement 5th ed.
260 ## - PUBLICATION, DISTRIBUTION, ETC. (IMPRINT)
Place of publication, distribution, etc. Allahabad :
Name of publisher, distributor, etc. Law Book co.,
Date of publication, distribution, etc. 1962
300 ## - PHYSICAL DESCRIPTION
Pagination xxiv, 388 p. ;
Size 25 cm.
650 #0 - SUBJECT ADDED ENTRY--TOPICAL TERM
Topical term or geographic name as entry element Gambling
Geographic subdivision India.
9 (RLIN) 32227
700 1# - ADDED ENTRY--PERSONAL NAME
Personal name Sami, Syed Maqsud Ali,
Relator term ed.
Personal name Aiyar, Krishna Jagadisa,
Dates associated with a name 1885-
Relator term ed.
Personal name Sethi, Raghbirlal Bhagatram,
Relator term ed.
942 ## - ADDED ENTRY ELEMENTS (KOHA)
Source of classification or shelving scheme Dewey Decimal Classification
Koha item type Books
Holdings
Lost status Source of classification or shelving scheme Damaged status Not for loan Collection code Permanent Location Current Location Shelving location Date acquired Source of acquisition Cost, normal purchase price Total Checkouts Full call number Date last seen Copy number Koha item type
  Dewey Decimal Classification     Non-fiction Central Library, University of Rajshahi Central Library, University of Rajshahi   28/05/1964 Pak. law house 12.50   346.50 SES 1962 28/07/2016 C-2 Books